00614nam a2200181 a 450000100100000000500170001000800410002704000250006810000260009324500640011925000120018326000310019530000280022649000240025483000310027895201060030999900170041500002975720200930055801.0110425t1984 sp a 000 0 spa d aDO-SdBNPbspacBNPHU1 aMishima, Yukio95652910aNieve de primavera /cYukio Mishima ;editor Luis de caralt. a3a. ed. aBarcelona :bTensa,c1984. a351 p. :bil. ;c21 cm.1 aColección Gigante00aColección Gigante949580 0010507-18MOaGRbGRcOId2011-06-20iLF1l0o p29757-10r2020-06-25w2020-06-25y1ZNo se presta c29249d29249